LEADER 02079nas 2200685-a 450 001 996321624403316 005 20220322213019.0 011 $a2035-5556 035 $a(DE-599)ZDB2658579-0 035 $a(OCoLC)612584756 035 $a(CKB)110978976776449 035 $a(CONSER)--2012235141 035 $a(EXLCZ)99110978976776449 100 $a20100507a19349999 --- a 101 0 $aita 135 $aurbn||||||abp 135 $aurbn||||||ada 181 $ctxt$2rdacontent 182 $cc$2rdamedia 183 $acr$2rdacarrier 200 00$aGenus 210 $aRoma $cComitato italiano per lo studio dei problemi della popolazione$d1934- 210 3 $a[London] $cSpringer Open 215 $a1 online resource 300 $aRefereed/Peer-reviewed 300 $a"Journal of population sciences, "--Journal homepage. 311 $aPrint version: Genus 0016-6987 531 $aGENUS ROMA 606 $aDemography$vPeriodicals 606 $aEugenics$vPeriodicals 606 $aGenetics$vPeriodicals 606 $aEugenics 606 $aGenetics, Medical 606 $aPopulation 606 $aDemografia$2dbn 606 $aDemography$2fast$3(OCoLC)fst00890158 606 $aEugenics$2fast$3(OCoLC)fst00916432 606 $aGenetics$2fast$3(OCoLC)fst00940117 608 $aPeriodical. 608 $aRevistes electròniques. 608 $aCzasopismo socjologiczne.$2dbn 608 $aPeriodicals.$2fast 615 0$aDemography 615 0$aEugenics 615 0$aGenetics 615 2$aEugenics. 615 2$aGenetics, Medical. 615 2$aPopulation. 615 7$aDemografia. 615 7$aDemography. 615 7$aEugenics. 615 7$aGenetics. 676 $a304.6/05 712 02$aComitato italiano per lo studio dei problemi della popolazione. 712 02$aSocietà italiana di genetica ed eugenica. 712 02$aUniversità degli studi di Roma "La Sapienza."$bDipartimento di scienze demografiche. 906 $aJOURNAL 912 $a996321624403316 996 $aGenus$9795551 997 $aUNISA LEADER 00898nam a2200253 i 4500 001 991003340699707536 005 20020509120445.0 008 010514s1962 fr ||| | fre 035 $ab1114676x-39ule_inst 035 $aPARLA180002$9ExL 040 $aDip.to Filosofia$bita 082 0 $a320 100 1 $aMeynaud, Jean$035458 245 10$aIntroduction à la science politique /$cJean Meynaud 260 $aParis :$bColin,$c1962 300 $a369 p. ;$c24 cm. 490 0 $aCahiers de la Fondation nationale des sciences politiques ;$v100 650 4$aPolitica 907 $a.b1114676x$b23-02-17$c28-06-02 912 $a991003340699707536 945 $aLE005IF XVI A 5$g1$iLE005IFA-1086 bis$lle005$o-$pE0.00$q-$rl$s- $t0$u0$v0$w0$x0$y.i1128755x$z28-06-02 996 $aIntroduction à la science politique$9741059 997 $aUNISALENTO 998 $ale005$b01-01-01$cm$da $e-$ffre$gfr $h0$i1